000 00978nam a2200325 4500
003 EG-GICUC
005 20260121101343.0
008 251125s1986 uk o|||| |||| 001 0 eng d
020 _a0906496373
040 _aEG-GiCUC
_beng
_cEG-GiCUC
_dEG-GiCUC
_erda
041 _aeng
082 0 4 _221
_a341
_bS H . I
092 0 4 _221
099 _aLaw1 11 341 S H . I 2 ed - 1986
100 1 _aShaw, Malcolm N
_eAuthor.
245 1 0 _aInternational law /
_cMalcolm N. Shaw.
250 _a2nd. edition
264 1 _aCambridge :
_bGrotius Publications,
_c1986.
300 _a627 pages ;
_c24 cm.
336 _2rda content
_atext
337 _2rda media
_aComputer
338 _2rda carrier
_aOnline Resource
504 _aIncludes bibliographical references and index.
546 _aText in English
650 1 _aInternational law.
_2qrmak
651 1 _2qrmak
856 4 0 _uhttps://fll.law.cu.edu.eg/fulltext/bks/B11-06144.pdf
905 _a75
_eYara
942 _2ddc
_n0
_cBK
_e21
999 _c45957
_d45957